Представление документа в формате MARC21

Поле Инд. ПП Название Значение
Тип записи a
Библиографический уровень m
001 Контрольный номер 6e788710-d4c7-4877-bafa-e0cc7d4b582c
005 Дата корректировки 20140226160813.6
008 Кодируемые данные 010421 d
020 a ISBN 5-244-00317-8 (в пер.)
c Цена, тираж 4.70; 12267.00
040 a Служба первич. каталог. RU-RKP
040 a Служба первич. каталог. НБ ТвГУ
041 a Код языка текста rus
080 a Индекс УДК 502.4(474+476)
084 a Индекс другой классификации/Индекс ББК Е088.2
090 a Полочн. индекс Е088.2
x Авторский знак З-33
092 a 87.31
245 00 a Заглавие Заповедники Прибалтики и Белоруссии
c Ответственность [В. Г. Виноградов, Е. М. Голубева, А. А. Куллапере и др.]; Редкол.: В. Е. Соколов, Е. Е. Сыроечковский (отв. редакторы) и др.
260 0_ a Место издания Москва
b Издательство Мысль
c Дата издания 1989
300 a Объем 319 с.
b Иллюстрации/ тип воспроизводства ил., карт.
c Размеры 27 см
440 a Серия Заповедники СССР / Под общ. ред. В. Е. Соколова, Е. Е. Сыроечковского
500 a Примечание Авт. указаны в огл.
504 a Библиография Библиогр.: с. 315-318.
583 k Исполнитель действия Шверина Т. Л.
650 a Основная рубрика Заповедники
z Географическая подрубрика Белоруссия
z Географическая подрубрика Прибалтика
653 a Ключевые слова Биогеграфия
a Ключевые слова Заповедники Белоруссии
a Ключевые слова Заповедники Прибалтики
700 1_ a Другие авторы Виноградов Вадим Георгиевич
e Роль лиц авт.
700 1_ a Другие авторы Голубева Е. М.
e Роль лиц авт.
700 1_ a Другие авторы Куллапере А. А.
e Роль лиц авт.
700 1_ a Другие авторы Соколов Владимир Евгеньевич
e Роль лиц ред.
700 1_ a Другие авторы Сыроечковский Е. Е.
e Роль лиц ред.
852 t Порядковый номер экземпляра 2
p Инвентарный номер 600785
p Инвентарный номер 654895
954 a Дата поступления на обработку 20010712
999 a Подразделение 2 Фил3